Swachh Bharat Mission: Impact on rural sanitation & Smart approach for sustained sanitation success (Record no. 527946)

000 -LEADER
fixed length control field 00981nam a22001457a 4500
008 - FIXED-LENGTH DATA ELEMENTS--GENERAL INFORMATION
fixed length control field 241009b ||||| |||| 00| 0 eng d
100 ## - MAIN ENTRY--PERSONAL NAME
Personal name Srivastava, Jintendra
245 ## - TITLE STATEMENT
Title Swachh Bharat Mission: Impact on rural sanitation & Smart approach for sustained sanitation success
260 ## - PUBLICATION, DISTRIBUTION, ETC. (IMPRINT)
Place of publication, distribution, etc Yojana
300 ## - PHYSICAL DESCRIPTION
Extent 68(10), Oct, 2024: p.7-12
520 ## - SUMMARY, ETC.
Summary, etc The success of SBM likes not only in the infrastructure it cares but in the values It instills making cleanliness a shared responsibility for every citizen. This cultural shift is key to ensuring that the gains made under SBM are sustained for generations to come. As India works towards the gals of Viksit Bharat 2047 a developed India by its centenary of Independence the Swachh Bharat mission will continue to play a critical role in improving public health, empowering women, protecting the environment, and driving economic growth. – Reproduced
773 ## - HOST ITEM ENTRY
Main entry heading Yojana
906 ## - LOCAL DATA ELEMENT F, LDF (RLIN)
Subject DIP SANITATION
942 ## - ADDED ENTRY ELEMENTS (KOHA)
Item type Articles
Holdings
Withdrawn status Lost status Source of classification or shelving scheme Damaged status Not for loan Permanent location Current location Date acquired Serial Enumeration / chronology Barcode Date last seen Koha item type
          Indian Institute of Public Administration Indian Institute of Public Administration 2024-10-09 68(10), Oct, 2024: p.7-12 AR133377 2024-10-09 Articles

Powered by Koha